| 000 | 00792nam a22002655i 4500 | ||
|---|---|---|---|
| 001 | 11007 | ||
| 003 | ES-MaACL | ||
| 005 | 20250808062709.0 | ||
| 007 | t| | ||
| 008 | 940720s1993 sp ||||0| spa j | ||
| 017 | _aBU 356-1993 | ||
| 020 | _a84-7914-112-3 | ||
| 040 |
_aM-BN _bspa _cM-BN |
||
| 080 | _a236.8 | ||
| 100 | 1 |
_aSabugal, Santos. _9101223 |
|
| 245 | 1 | 0 |
_aAnástasis _b: resucitó y resucitaremos / _cpor Santos Sabugal. |
| 260 |
_aMadrid : _bBiblioteca de Autores Cristianos, _c1993. |
||
| 300 |
_aXX, 712 p., 1 h. ; _c20 cm. |
||
| 490 | 1 |
_aBiblioteca de autores cristianos ; _v536 |
|
| 500 | _aÍndices. | ||
| 650 | 1 | 4 |
_aResurrección _916881 |
| 830 | 0 | 0 |
_aBiblioteca de autores cristianos _v536 _9178679 |
| 852 |
_aES-MaACL _jJ-523 _9R.46092 |
||
| 999 |
_c11007 _d11007 |
||